• 首页
  • 本馆介绍
  • 公告通知
  • 最新文献
  • 馆藏检索
  • 电子资源
  • 读者导购
  • 参考咨询
  • 我的图书馆
  • 登录
  • 详细信息显示
  • 放入我的书架
  • 预约/预借图书
  • 作者相关作品
  • 分类相关作品
  • 丛书相关作品
  • 出版社相关作品

书目信息

  • 表格格式
  • 工作单格式
  • 卡片格式
题名:
涉外企业会计
    
 
作者: 尹世芬 主编
分册:  
出版信息: 北京   首都经济贸易大学出版社  2015
页数: 283页
开本: 24cm
丛书名: 高等院校会计学专业教材
单 册:
中图分类: F276.43 , F276.4
科图分类:
主题词: 中外合资经营--zhong wai he zi jing ying--合资企业--会计
电子资源:
ISBN: 978-7-5638-2387-1
000 01194nam 2200277 450
001 2370140267
005 20231204192948.97
010    @a978-7-5638-2387-1@dCNY30.00
100    @a20151023d2015 em y0chiy50 ea
101 0  @achi
102    @aCN@b110000
105    @ak a 000yy
200 1  @a涉外企业会计@Ashe wai qi ye kuai ji@f尹世芬主编
205    @a第2版
210    @a北京@c首都经济贸易大学出版社@d2015
215    @a283页@d24cm
225 2  @a高等院校会计学专业教材@Agao deng yuan xiao kuai ji xue zhuan ye jiao cai
320    @a有书目 (第283页)
330    @a本书根据财政部发布的《企业会计准则》和《企业会计准则-应用指南》, 以及有关涉外业务的法律规定, 结合企业涉外业务的核算特点, 系统阐述了涉外企业会计的基本理论、基本方法和基本操作技能, 对涉外企业的外汇管理、外币业务的记账方法、外币投入资本、投资、融资、出口贸易、进口贸易、出口退税、利润和利润分配的核算, 以及外币报表折算、合并会计报表编制等作了详尽的介绍。
410  0 @12001 @a高等院校会计学专业教材
606 0  @a中外合资经营@Azhong wai he zi jing ying@x合资企业@x会计
690    @aF276.43@v5
690    @aF276.4@v4
701  0 @a尹世芬@Ayin shi fen@4主编
801  0 @aCN@b湖北三新@c20151023
905    @aZUCC@dF276.4@e6=2
    
    涉外企业会计/尹世芬主编.-第2版.-北京:首都经济贸易大学出版社,2015
    283页;24cm.-(高等院校会计学专业教材)
    
    
    ISBN 978-7-5638-2387-1:CNY30.00
    本书根据财政部发布的《企业会计准则》和《企业会计准则-应用指南》, 以及有关涉外业务的法律规定, 结合企业涉外业务的核算特点, 系统阐述了涉外企业会计的基本理论、基本方法和基本操作技能, 对涉外企业的外汇管理、外币业务的记账方法、外币投入资本、投资、融资、出口贸易、进口贸易、出口退税、利润和利润分配的核算, 以及外币报表折算、合并会计报表编制等作了详尽的介绍。
●
相关链接 在五车中查询图书 在当当中查询图书 在豆瓣中查询图书


正题名:涉外企业会计     索取号:F276.4/6=2         预约/预借

序号 登录号 条形码 馆藏地/架位号 状态 备注
1 2001352510   2001352510   617书库/ [索取号:F276.4/6=2] 在馆    
2 2001352511   2001352511   617书库/ [索取号:F276.4/6=2] 在馆    
3 2001352512   2001352512   617书库/ [索取号:F276.4/6=2] 在馆    
4 2001352513   2001352513   617书库/ [索取号:F276.4/6=2] 在馆    
5 2001352514   2001352514   617书库/ [索取号:F276.4/6=2] 在馆    
6 2001352515   2001352515   617书库/ [索取号:F276.4/6=2] 在馆    
7 2001352516   2001352516   617书库/ [索取号:F276.4/6=2] 在馆    
8 2001352517   2001352517   617书库/ [索取号:F276.4/6=2] 在馆    
9 2001352518   2001352518   617书库/ [索取号:F276.4/6=2] 在馆    
10 2001352519   2001352519   617书库/ [索取号:F276.4/6=2] 在馆    
山东省滨州职业学院图书馆 欢迎您!
大连网信软件有限公司© 版权所有